|
|
|
|
| LEADER |
00000nab a22000007a 4500 |
| 001 |
vtls010672848 |
| 003 |
SK-MaSNL |
| 005 |
20260304222819.0 |
| 008 |
250708s1901 xo |||||||||||||||||slo| |
| 035 |
|
|
|a (urnnbn)urn:nbn:sk:snk:ar-a06gyr
|
| 035 |
|
|
|a (uuid)588e7e21-c44b-4d06-8284-efe39046384f
|
| 035 |
|
|
|a urn:nbn:sk:snk-ab18w5
|
| 040 |
|
|
|a SNKBUCL
|b slo
|c SNKBUCL
|e AACR2
|
| 041 |
0 |
|
|a slo
|
| 044 |
|
|
|a xo
|c SK
|
| 100 |
1 |
|
|a Kvačala, Ján Radomil,
|d 1862-1934
|4 aut
|9 160353
|
| 245 |
1 |
0 |
|a Viera a kresťanstvo v dvoch nových slavianskych románoch
|c J. Kvačala
|
| 773 |
0 |
|
|t Časopis pre evanjelické bohoslovie
|g Roč. 1, č. 4 (1901), s. [97]-101
|
| 850 |
|
|
|a Slovenská národná knižnica
|
| 852 |
|
|
|a Slovenská národná knižnica
|
| 954 |
|
|
|a odborná, vedecká literatúra pôvodná (slovenská)
|2 lita
|
| 958 |
|
|
|a article
|
| 958 |
|
|
|a ONDV
|
| 999 |
|
|
|c 3165256
|d 3167186
|